000 00456nam a22001817a 4500
003 MPLRDC
005 20220104114532.0
008 210129b ||||| |||| 00| 0 eng d
082 _a857.6 JZL-2
100 _a张志英编
245 _a蒋子龙代表作
_c
250 _a一版一刷
260 _a
_b黄河文艺出版社
_c1986
300 _b
490 _a中国现当代著名作家文库
650 _a短篇小说
942 _cBK
_o857.6 JZL-2
999 _c8239
_d8229